000 00336nam a2200133Ia 4500
008 240624s9999 xx 000 0 und d
041 _aeng
082 _a658.45 GRE
100 _aGREIF MICHEL
245 _aVISUAL FACTORY BUILDING PARTICIPATION TH
260 _c1991
_aNew York
_bProductivity Press
300 _a320 : p.
365 _cRS
999 _c17516
_d17516